Ciclo de conferencias de carácter informativo, en torno a los problemas y perspectivas que plantea el impulso económico y social del Polo de Desarrollo situado en Zaragoza. (Record no. 44080)

MARC details
000 -LEADER
campo de control de longitud fija 00861nam a2200193 i 4500
001 - NÚMERO DE CONTROL
campo de control 44080
003 - IDENTIFICADOR DE NÚMERO DE CONTROL
campo de control ES-MaACL
005 - FECHA Y HORA DE LA ÚLTIMA TRANSACCIÓN
campo de control 20250902093016.0
007 - CAMPO FIJO DE DESCRIPCIÓN FÍSICA--INFORMACIÓN GENERAL
campo de control de longitud fija t|
008 - DATOS DE LONGITUD FIJA--INFORMACIÓN GENERAL
campo de control de longitud fija 030320s1966 sp ||||1| spa d
245 00 - MENCIÓN DEL TÍTULO
Título Ciclo de conferencias de carácter informativo, en torno a los problemas y perspectivas que plantea el impulso económico y social del Polo de Desarrollo situado en Zaragoza.
260 ## - PUBLICACIÓN, DISTRIBUCIÓN, ETC.
Lugar de publicación, distribución, etc. [Zaragoza :
Nombre del editor, distribuidor, etc. Caja de Ahorros y Monte de Piedad de Zaragoza, Aragón y Rioja,
Fecha de publicación, distribución, etc. 1966]
300 ## - DESCRIPCIÓN FÍSICA
Extensión 257 p., 3 lám. :
Otras características físicas 9 gráf. ;
Dimensiones 24 cm.
594 ## - Nota al título y mención de responsabilidad
Nota al título y mención de responsabilidad Precede al tít.: Real y Excma. Sociedad Económica Aragonesa de Amigos del País.
651 #4 - PUNTO DE ACCESO ADICIONAL DE MATERIA--NOMBRE GEOGRÁFICO
Nombre geográfico Zaragoza (Provincia)-
Subdivisión general Situación económica.
9 (RLIN) 164505
710 2# - ENTRADA AGREGADA--NOMBRE DE ENTIDAD CORPORATIVA
Nombre de entidad corporativa o nombre de jurisdicción como elemento de entrada Real Sociedad Económica Aragonesa de Amigos del País
9 (RLIN) 6382
852 ## - LOCALIZACIÓN
Ubicación ES-MaACL
Número de control de estantería C-30923
Holdings
Estatus retirado Estado de pérdida Estado de daño No para préstamo Biblioteca de origen Biblioteca actual Ubicación en estantería Fecha de adquisición Fuente de adquisición Total de préstamos Signatura topográfica completa Código de barras Visto por última vez Precio de reemplazo Tipo de ítem Koha
        Biblioteca del Ateneo de Madrid Biblioteca del Ateneo de Madrid Depósito 2 17/01/2008     C-30923 1046393 23/02/2023 23/02/2023 Libro impreso